| 000 -LEADER |
| fixed length control field |
00693cam a22001814a 4500 |
| 020 ## - INTERNATIONAL STANDARD BOOK NUMBER |
| ISBN |
1578080614 |
| 040 ## - CATALOGING SOURCE |
| Transcribing agency |
DLC |
| 082 00 - DEWEY DECIMAL CLASSIFICATION NUMBER |
| Classification number |
333 S.P 1999 C141 Or. |
| 245 00 - TITLE STATEMENT |
| Title |
Incentives in soil conservation : |
| Remainder of title |
from theory to practice / |
| 260 ## - PUBLICATION, DISTRIBUTION, ETC. (IMPRINT) |
| Place of publication |
Enfield, N.H. : |
| Name of publisher |
Science Publishers, |
| Year of publication |
c1999. |
| 300 ## - PHYSICAL DESCRIPTION |
| Number of Pages |
xvii, 384 p. : |
| Other physical details |
ill. ; |
| Dimensions |
24 cm. |
| 500 ## - GENERAL NOTE |
| General note |
"Published in association with the World Association of Soil and Water Conservation (WASWC) ... [et al.]"--T.p. verso. |
| 650 #0 - SUBJECT ADDED ENTRY--TOPICAL TERM |
| Topical Term |
Incentives in soil conservation. |
| 700 1# - ADDED ENTRY--PERSONAL NAME |
| Personal name |
Sanders, David W. |
| 710 2# - ADDED ENTRY--CORPORATE NAME |
| Corporate name or jurisdiction name as entry element |
World Association of Soil and Water Conservation. |
| 856 4# - ELECTRONIC LOCATION AND ACCESS |
| Uniform Resource Identifier |
http://lcweb.loc.gov/catdir/toc/99034865.html |
| 942 ## - ADDED ENTRY ELEMENTS (KOHA) |
| Koha item type |
ADB |
| 952 ## - LOCATION AND ITEM INFORMATION (KOHA) |
| Withdrawn status [LOCAL, KOHA] |
0 |